000
00296nam a22001337a 4500
020
_a
978-0-593-05830-5
082
_a
001
_b
HAW/G
100
_a
HAWKING, STEPHEN
245
_a
THE GRAND DESIGN
260
_a
UK
_b
BANTAM PRESS
300
_a
199
650
_a
PERSONALITY DEVELOPMENT
_z
UK
942
_c
BK
999
_c
5317
_d
5317